| 000 | 01097nam a2200265 i 4500 | ||
|---|---|---|---|
| 001 | 170686 | ||
| 003 | ES-MaACL | ||
| 005 | 20251009202632.0 | ||
| 008 | 090330s1948 sp |||| | spa d | ||
| 245 | 0 | 0 |
_aMísticos franciscanos españoles. _nI / _cedición preparada por los redactores de "Verdad y vida"; introducciones de Juan Bautista Gomis. |
| 260 |
_aMadrid : _b[La Editorial Católica], _c1948. |
||
| 300 |
_a1 v. (XI, 700 p.) : _b ; _c20 cm. |
||
| 490 | 1 |
_aBiblioteca de autores cristianos ; _v38 |
|
| 505 | 8 | _aContiene: Arte para servir a Dios ; Espejo de ilustres personas / Fray Alonso de Madrid . Ley de amor santo / Fray Francisco de Osuna | |
| 650 | 4 |
_aMisticismo- _zEspaña. _9138735 |
|
| 700 | 1 |
_aGomis, Juan Bautista. _958210 |
|
| 700 | 0 |
_aAlonso de Madrid _c(O.F.M) _9139694 |
|
| 700 | 1 |
_aFrancisco de Osuna, _dca.1492-ca.1540 _9139695 |
|
| 740 | 0 | 2 | _aArte para servir a Dios. |
| 740 | 0 | 2 | _aEspejo de ilustres personas. |
| 740 | 0 | 2 | _aLey de amor santo. |
| 830 | 1 | 0 |
_aBiblioteca de autores cristianos _v38 _9178679 |
| 852 |
_aES-MaACL _jJ-37 |
||
| 999 |
_c170686 _d170686 |
||